| 000 | 00362nam a2200157Ia 4500 | ||
|---|---|---|---|
| 999 |
_c2041 _d2041 |
||
| 003 | OSt | ||
| 005 | 20191001160958.0 | ||
| 008 | 190723s9999 xx 000 0 und d | ||
| 020 | _a 978-0134422404 | ||
| 040 | _cmaju | ||
| 100 | _aJay Heizer | ||
| 245 | 0 | _aOperations Management | |
| 250 | _a12th | ||
| 260 |
_aNew Delhi _bMcGraw Hill _c2017 |
||
| 942 |
_cBK _2ddc |
||